000 00812nam a2200193Ia 4500
003 OSt
005 20250612143449.0
008 191128s1976 ck er 000 f spa d
020 _a8402045383
040 _aCO-JMCR
_cCO-JMCR
082 0 4 _aJ-N
_bVERh
100 1 _aVerne, Julio,
_d1828-1905
_eautor
_98283
245 1 0 _aLos hijos del capitan grant /
_cJulio Verne
260 _aBogotá :
_bBruguera,
_c1976
300 _a124 páginas :
_b ilustraciones a color ;
_c 26 cm.
520 _aEs una novela fantástica que narra el sufrimiento y la angustia de dos hermanos muy jóvenes que van en busca de su padre desaparecido, víctima de un naufragio, girando toda la historia en descifrar el mensaje encontrado en una botella dentro de un tiburón
650 1 4 _aHistorias de aventuras
_98284
942 _2ddc
_cBK
999 _c3547
_d3547